| 000 | 00600nam a22001817a 4500 | ||
|---|---|---|---|
| 003 | CEME | ||
| 005 | 20210628202545.0 | ||
| 008 | 210209b xxu||||| |||| 00| 0 eng d | ||
| 020 | _a0-7619-4513-X | ||
| 040 | _c. | ||
| 082 | _a371.2 LEA | ||
| 100 |
_aStiles, Katherine.E Mundry, Susan Kaser, Joyce _960479 |
||
| 245 | _aLeading every day, 13jf5274vunthhwkklryyzw73smjsyaeen | ||
| 260 |
_aCALIFORNIA _bCORWIN PRESS PUBLISHER _c2002 |
||
| 300 | _aXIX,275P | ||
| 650 |
_aSCHOOL MANAGEMENTAND ORGANIZATION-HANDBOOK MANUAL ETC; EDUCATIONAL LEADERSHIP-HANDBOOKS, MANUAL,ETC _960480 |
||
| 942 |
_cBK _2ddc |
||
| 999 |
_c570185 _d570185 |
||